000 00715nam a2200229Ia 4500
003 OSt
005 20220923212113.0
006 a|||||r|||| 00| 0
007 ta
008 220922b |||||||| |||| 00| 0 hin d
024 _a150,748
037 _cTextual
040 _aARTS
_cARTS
_bhin
041 _2hin
_ahin
082 _aLAx5:1, 152H9
100 _aशारंगधर
_9156280
245 0 _aशारगंधर संहिता, रामेश्वर भट्ट द्वारा अनु
246 _aShāragandhar sanhitā, rāmeshvar bhaṭṭa dvārā anu0
260 _c1949
942 _hLAx5:1, 152H9
_cTEXL
_2CC
999 _c306428
_d306428